Developing corporate social responsibility : a European perspective
Αποθηκεύτηκε σε:
| Κύριος συγγραφέας: | |
|---|---|
| Άλλοι συγγραφείς: | , |
| Μορφή: | Βιβλίο |
| Γλώσσα: | English |
| Δημοσίευση: |
Cheltenham, UK :
Edward Elgar,
c2006
|
| Θέματα: | |
| Ετικέτες: |
Προσθήκη ετικέτας
Δεν υπάρχουν, Καταχωρήστε ετικέτα πρώτοι!
|
MARC
| LEADER | 00000nam a2200000 i 4500 | ||
|---|---|---|---|
| 001 | 1/81244 | ||
| 008 | 080409s2006 eng d | ||
| 020 | |a 978-1-84542-782-5 | ||
| 035 | |l 10096418 | ||
| 040 | |a GR-MY-UA |b gre |e aacr | ||
| 041 | 0 | |a eng | |
| 082 | 0 | |a 658.408 |2 (22) | |
| 100 | 1 | |a Perrini, Francesco. | |
| 245 | 1 | 0 | |a Developing corporate social responsibility : |b a European perspective / |c Francesco Perrini, Stefano Pogutz, Antonio Tencati |
| 260 | |a Cheltenham, UK : |b Edward Elgar, |c c2006 | ||
| 300 | |a xviii, 250 σ.; |b εικ.; |c 24 εκ. | ||
| 504 | |a Βιβλιογραφία : σ. 185-206. Ευρετήριο | ||
| 650 | 0 | 0 | |a Social responsibility of business. |
| 700 | 1 | |a Pogutz, Stefano. | |
| 700 | 1 | |a Tencati, Antonio. | |
| 852 | |a INST |b CHIOS |e 20080409 |h 658.408 PER |p 005200027402 |q 005200027402 |t BK |y 0 | ||
| 852 | |a INST |b LESVOS |e 20080723 |h 658.408 PER |p 005100041840 |q 005100041840 |t BK |y 0 | ||
| 901 | |a BIBL2-2008-1 | ||
| 901 | |a BIBL1-2008-2 | ||
| 909 | |a Χ |b 151872 | ||
| 909 | |a Λ |b 151486 | ||
| 922 | |a 2ΕΛΗ |b 200803 |c ΕΠΕΑΕΚ2/ΤΔΕ |d ΕΛΕΥΘΕΡΟΥΔΑΚΗΣ | ||
| 922 | |a 1ΕΛΗ |b 200803 |c ΕΠΕΑΕΚ2/ΤΠ |d ΠΑΠΑΣΩΤΗΡΙΟΥ | ||
| 970 | |a ΒΑΡΦΗΣ |b ΒΑΓΓΕΛΗΣ |z 2008/04/09 | ||